White victims, black villains: gender, race and crime news in US culture
The most disgusting objects of both sexes? : gender and race in the episodic crime news of the 1830s -- The cult of dead womanhood : protectors, villains, and victims in the origins of serialized crime news -- The innocent cause of all these troubles? : black victims and the 1863 anti-draft riots --...
| Main Author: | |
|---|---|
| Format: | Print Book |
| Language: | English |
| Published: |
New York [u.a.]
Routledge
2006
|
| In: | Year: 2006 |
| Edition: | 1. publ. |
| Availability in Tübingen: | Present in Tübingen. UB: KB 20 A 2129 |
| Check availability: | HBZ Gateway |
| Subito Delivery Service: | Order now. |
| Keywords: |
MARC
| LEADER | 00000cam a2200000 c 4500 | ||
|---|---|---|---|
| 001 | 1628462698 | ||
| 003 | DE-627 | ||
| 005 | 20260206192525.0 | ||
| 007 | tu | ||
| 008 | 060816s2006 xxu||||| 00| ||eng c | ||
| 010 | |a 006000659 | ||
| 020 | |a 0415374928 |9 0-415-37492-8 | ||
| 020 | |a 0415374812 |9 0-415-37481-2 | ||
| 020 | |a 9780415374927 |9 978-0-415-37492-7 | ||
| 020 | |a 9780415374811 |9 978-0-415-37481-1 | ||
| 024 | 3 | |a 9780415374927 | |
| 035 | |a (DE-627)1628462698 | ||
| 035 | |a (DE-603)178449199 | ||
| 035 | |a (DE-576)256229872 | ||
| 035 | |a (DE-599)BSZ256229872 | ||
| 035 | |a (OCoLC)62872842 | ||
| 040 | |a DE-627 |b ger |c DE-627 |e rakwb | ||
| 041 | |a eng | ||
| 044 | |c XD-US | ||
| 050 | 0 | |a PN4888.C8 | |
| 050 | 0 | |a PN4888 | |
| 082 | 0 | |a 070.4/493640973 | |
| 082 | 0 | |a 070.4493640973 | |
| 084 | |a 3,5 |2 ssgn | ||
| 084 | |a AP 13625 |q DE-FR129/1008 |2 rvk |0 (DE-625)rvk/6885: | ||
| 084 | |a AP 19830 |q DE-FR129/1008 |2 rvk |0 (DE-625)rvk/7057:2021 | ||
| 084 | |a AP 26740 |2 rvk |0 (DE-625)rvk/7199: | ||
| 084 | |a PH 8600 |2 rvk |0 (DE-625)rvk/136512: | ||
| 090 | |a a | ||
| 100 | 1 | |a Stabile, Carol A. |d 1960- |0 (DE-588)139977791 |0 (DE-627)614744563 |0 (DE-576)175465460 |4 aut | |
| 109 | |a Stabile, Carol A. 1960- |a Stabile, Carol 1960- | ||
| 245 | 1 | 0 | |a White victims, black villains |b gender, race and crime news in US culture |c Carol A. Stabile |
| 250 | |a 1. publ. | ||
| 264 | 1 | |a New York [u.a.] |b Routledge |c 2006 | |
| 300 | |a 235 S. |b Ill. | ||
| 336 | |a Text |b txt |2 rdacontent | ||
| 337 | |a ohne Hilfsmittel zu benutzen |b n |2 rdamedia | ||
| 338 | |a Band |b nc |2 rdacarrier | ||
| 500 | |a Includes bibliographical references and index | ||
| 505 | 8 | |a Literaturverz. S. [210] - 228 | |
| 505 | 8 | |a Literaturverz. S. [210] - 228 | |
| 520 | |a The most disgusting objects of both sexes? : gender and race in the episodic crime news of the 1830s -- The cult of dead womanhood : protectors, villains, and victims in the origins of serialized crime news -- The innocent cause of all these troubles? : black victims and the 1863 anti-draft riots -- The malicious and untruthful white press? : lynch narratives and criminalization -- Monopolists of reason : the demise of sentimental crime reporting -- From the war on poverty to the war on crime -- Criminalizing black culture | ||
| 583 | 1 | |a Archivierung prüfen |c 20200919 |f DE-640 |z 3 |2 pdager | |
| 650 | 0 | |a Crime and the press |x History |x United States | |
| 650 | 0 | |a African Americans |x Press coverage |x History | |
| 650 | 0 | |a Women |x History |x Press coverage |x United States | |
| 650 | 0 | 7 | |0 (DE-588)4116433-7 |0 (DE-627)104219890 |0 (DE-576)209501537 |a Schwarze |2 gnd |
| 650 | 0 | 7 | |0 (DE-588)4062653-2 |0 (DE-627)106130862 |0 (DE-576)209145358 |a Verbrechen |2 gnd |
| 650 | 0 | 7 | |0 (DE-588)4047150-0 |0 (DE-627)106195492 |0 (DE-576)209072490 |a Presse |2 gnd |
| 650 | 0 | 7 | |0 (DE-588)4005709-4 |0 (DE-627)106380176 |0 (DE-576)208862420 |a Berichterstattung |2 gnd |
| 650 | 4 | |a Black studies |0 (Blackwell)39401010 | |
| 650 | 4 | |a Sociology of crime |0 (Blackwell)39680000 | |
| 650 | 4 | |a Racism |0 (Blackwell)39454000 | |
| 650 | 4 | |a Mass media studies |0 (Blackwell)24020000 | |
| 650 | 4 | |a SCHOMBURG COLLECTION |0 (Blackwell)85200000 | |
| 650 | 4 | |a PN 4840-5650 Journalism by region |0 (Blackwell)97582780 | |
| 651 | 7 | |0 (DE-588)4078704-7 |0 (DE-627)106076612 |0 (DE-576)209209682 |a Usa |2 gnd | |
| 689 | 0 | 0 | |d g |0 (DE-588)4078704-7 |0 (DE-627)106076612 |0 (DE-576)209209682 |a USA |2 gnd |
| 689 | 0 | 1 | |d s |0 (DE-588)4116433-7 |0 (DE-627)104219890 |0 (DE-576)209501537 |a Schwarze |2 gnd |
| 689 | 0 | 2 | |d s |0 (DE-588)4033178-7 |0 (DE-627)10458503X |0 (DE-576)209000511 |a Kriminalität |2 gnd |
| 689 | 0 | 3 | |d s |0 (DE-588)4037877-9 |0 (DE-627)106235079 |0 (DE-576)209027029 |a Massenmedien |2 gnd |
| 689 | 0 | 4 | |d s |0 (DE-588)4005709-4 |0 (DE-627)106380176 |0 (DE-576)208862420 |a Berichterstattung |2 gnd |
| 689 | 0 | 5 | |a z |2 gnd |a Geschichte |
| 689 | 0 | |5 (DE-627) | |
| 689 | 1 | 0 | |d g |0 (DE-588)4078704-7 |0 (DE-627)106076612 |0 (DE-576)209209682 |a USA |2 gnd |
| 689 | 1 | 1 | |d s |0 (DE-588)4116433-7 |0 (DE-627)104219890 |0 (DE-576)209501537 |a Schwarze |2 gnd |
| 689 | 1 | 2 | |d s |0 (DE-588)4078782-5 |0 (DE-627)106076329 |0 (DE-576)20921001X |a Verbrechensopfer |2 gnd |
| 689 | 1 | 3 | |d s |0 (DE-588)4037877-9 |0 (DE-627)106235079 |0 (DE-576)209027029 |a Massenmedien |2 gnd |
| 689 | 1 | 4 | |d s |0 (DE-588)4005709-4 |0 (DE-627)106380176 |0 (DE-576)208862420 |a Berichterstattung |2 gnd |
| 689 | 1 | 5 | |a z |2 gnd |a Geschichte |
| 689 | 1 | |5 (DE-627) | |
| 689 | 2 | 0 | |d g |0 (DE-588)4078704-7 |0 (DE-627)106076612 |0 (DE-576)209209682 |a USA |2 gnd |
| 689 | 2 | 1 | |d s |0 (DE-588)4018202-2 |0 (DE-627)104270705 |0 (DE-576)208923209 |a Frau |2 gnd |
| 689 | 2 | 2 | |d s |0 (DE-588)4033178-7 |0 (DE-627)10458503X |0 (DE-576)209000511 |a Kriminalität |2 gnd |
| 689 | 2 | 3 | |d s |0 (DE-588)4037877-9 |0 (DE-627)106235079 |0 (DE-576)209027029 |a Massenmedien |2 gnd |
| 689 | 2 | 4 | |d s |0 (DE-588)4005709-4 |0 (DE-627)106380176 |0 (DE-576)208862420 |a Berichterstattung |2 gnd |
| 689 | 2 | 5 | |a z |2 gnd |a Geschichte |
| 689 | 2 | |5 (DE-627) | |
| 689 | 3 | 0 | |d g |0 (DE-588)4078704-7 |0 (DE-627)106076612 |0 (DE-576)209209682 |a USA |2 gnd |
| 689 | 3 | 1 | |d s |0 (DE-588)4018202-2 |0 (DE-627)104270705 |0 (DE-576)208923209 |a Frau |2 gnd |
| 689 | 3 | 2 | |d s |0 (DE-588)4078782-5 |0 (DE-627)106076329 |0 (DE-576)20921001X |a Verbrechensopfer |2 gnd |
| 689 | 3 | 3 | |d s |0 (DE-588)4037877-9 |0 (DE-627)106235079 |0 (DE-576)209027029 |a Massenmedien |2 gnd |
| 689 | 3 | 4 | |d s |0 (DE-588)4005709-4 |0 (DE-627)106380176 |0 (DE-576)208862420 |a Berichterstattung |2 gnd |
| 689 | 3 | 5 | |a z |2 gnd |a Geschichte |
| 689 | 3 | |5 (DE-627) | |
| 935 | |a MZUSA | ||
| 935 | |i sf | ||
| 935 | |h HEB |i 0501 | ||
| 935 | |h HEB |i 0503 | ||
| 936 | r | v | |a AP 13625 |b Ethik; Medienethik |k Allgemeines |k Medien- und Kommunikationswissenschaften, Medienkulturwissenschaft, Kommunikationsdesign |k Theorie und Methodik |k Ethik; Medienethik |0 (DE-627)1270684299 |0 (DE-625)rvk/6885: |0 (DE-576)200684299 |
| 936 | r | v | |a AP 19830 |b USA |k Allgemeines |k Medien- und Kommunikationswissenschaften, Medienkulturwissenschaft, Kommunikationsdesign |k Kommunikation und Medienwesen in einzelnen Ländern |k Amerika, Indianische Welt |k Nordamerika |k USA |0 (DE-627)1270875469 |0 (DE-625)rvk/7057:2021 |0 (DE-576)200875469 |
| 936 | r | v | |a AP 26740 |b Rechtsprechung, Verbrechen |k Allgemeines |k Medien- und Kommunikationswissenschaften, Medienkulturwissenschaft, Kommunikationsdesign |k Zeitungswissenschaft |k Zeitungsthemen und -inhalte |k Rechtsprechung, Verbrechen |0 (DE-627)1270686682 |0 (DE-625)rvk/7199: |0 (DE-576)200686682 |
| 936 | r | v | |a PH 8600 |b Allgemeines; Täter-Opfer-Ausgleich; Wiedergutmachung; Opferentschädigung |k Rechtswissenschaft |k Strafrecht, Strafverfahrensrecht, Kriminologie |k Kriminologie |k Viktimologie |k Allgemeines; Täter-Opfer-Ausgleich; Wiedergutmachung; Opferentschädigung |0 (DE-627)1271675021 |0 (DE-625)rvk/136512: |0 (DE-576)201675021 |
| 936 | s | n | |a p100 |2 mzub |
| 936 | s | n | |a a300 |2 mzub |
| 951 | |a BO | ||
| ELC | |b 1 | ||
| LOK | |0 000 xxxxxcx a22 zn 4500 | ||
| LOK | |0 001 3274116300 | ||
| LOK | |0 003 DE-627 | ||
| LOK | |0 004 1628462698 | ||
| LOK | |0 005 20061013072316 | ||
| LOK | |0 008 060816||||||||||||||||ger||||||| | ||
| LOK | |0 040 |a DE-21 |c DE-627 |d DE-21 | ||
| LOK | |0 852 |a DE-21 | ||
| LOK | |0 852 1 |c KB 20 A 2129 |9 00 | ||
| LOK | |0 935 |a krim | ||
| LOK | |0 936ln |a k7.3.3.5 | ||
| LOK | |0 938 |l 22/09/06 |8 6 | ||
| LOK | |0 939 |a 16-08-06 |b l01 | ||
| ORI | |a SA-MARC-krimdoka001.raw | ||
| SIG | |a UB: KB 20 A 2129 | ||
